[Event "DSJ Weihnachtsturnier U20 2020"]
[Site "https://play.chessbase.com/en/play?room=DSJWeihnachtU20"]
[Date "2020.12.29"]
[Round "5"]
[White "Suvorov, Alexander"]
[Black "Kölle, Tobias"]
[Result "1-0"]
[Termination "normal"]
[Board "1.1"]
[WhiteTitle "FM"]
[BlackTitle "FM"]
[WhiteElo "2353"]
[BlackElo "2340"]
[WhiteTeam "Schachgemeinschaft Porz"]
[BlackTeam "TSV Schönaich"]
[PlyCount "78"]
[WhiteFideId "12977063"]
[BlackFideId "16207378"]
[EventRounds "7"]
[EventType "team-swiss"]
[EventDate "2020.12.29"]

1. d4 {[%emt 0:00:06]} Nf6 {[%emt 0:00:10]} 2. c4 {[%emt 0:00:02]} e6 {[%emt
0:00:00]} 3. Nc3 {[%emt 0:00:02]} d5 {[%emt 0:00:00]} 4. cxd5 {[%emt 0:00:03]}
exd5 {[%emt 0:00:00]} 5. Bg5 {[%emt 0:00:01]} Be7 {[%emt 0:00:03]} 6. e3 {
[%emt 0:00:01]} c6 {[%emt 0:00:05]} 7. Bd3 {[%emt 0:00:01]} O-O {[%emt 0:00:01]
} 8. Qc2 {[%emt 0:00:01]} Nbd7 {[%emt 0:00:07]} 9. Nf3 {[%emt 0:00:04]} Re8 {
[%emt 0:00:02]} 10. O-O {[%emt 0:00:07]} h6 {[%emt 0:00:04]} 11. Bh4 {[%emt
0:00:06]} Ne4 {[%emt 0:00:04]} 12. Bxe7 {[%emt 0:00:07]} Qxe7 {[%emt 0:00:00]}
13. Rae1 {[%emt 0:00:12]} Ndf6 {[%emt 0:00:10]} 14. Ne5 {[%emt 0:00:12]} Nxc3 {
[%emt 0:00:58]} 15. bxc3 {[%emt 0:00:07]} c5 {[%emt 0:00:05]} 16. f3 {[%emt
0:00:35]} Be6 {[%emt 0:00:06]} 17. Qf2 {[%emt 0:00:13]} a6 {[%emt 0:00:57]} 18.
g4 {[%emt 0:00:23]} Nd7 {[%emt 0:00:08]} 19. Nxd7 {[%emt 0:00:05]} Qxd7 { [%emt
0:00:04]} 20. h4 {[%emt 0:00:12]} f5 {[%emt 0:01:02]} 21. g5 {[%emt 0:00:25]}
hxg5 {[%emt 0:00:34]} 22. hxg5 {[%emt 0:00:03]} g6 {[%emt 0:00:01]} 23. Kg2
{[%emt 0:00:49]} c4 {[%emt 0:00:12]} 24. Bc2 {[%emt 0:00:06]} Kg7 {[%emt
0:00:25]} 25. Rh1 {[%emt 0:00:04]} Bf7 {[%emt 0:00:51]} 26. Qg3 {[%emt
0:00:16]} Qe7 {[%emt 0:01:09]} 27. e4 {[%emt 0:00:34]} fxe4 {[%emt 0:00:46]}
28. fxe4 { [%emt 0:00:02]} Rh8 {[%emt 0:00:13]} 29. e5 {[%emt 0:00:14]} Be6
{[%emt 0:00:20]} 30. Ref1 {[%emt 0:00:17]} Qa3 {[%emt 0:01:42]} 31. Rh6 {[%emt
0:00:15]} Bf5 {[%emt 0:00:08]} 32. Bxf5 {[%emt 0:00:08]} gxf5 {[%emt 0:00:01]}
33. e6 { [%emt 0:00:07]} Rxh6 {[%emt 0:00:19]} 34. gxh6+ {[%emt 0:00:07]} Kf6
{[%emt 0:00:00]} 35. Qg7+ {[%emt 0:00:08]} Kxe6 {[%emt 0:00:01]} 36. Re1+
{[%emt 0:00:01]} Kd6 {[%emt 0:00:00]} 37. Qe7+ {[%emt 0:00:01]} Kc6 {[%emt
0:00:00]} 38. Qxa3 {[%emt 0:00:01]} Rg8+ {[%emt 0:00:02]} 39. Kf3 {[%emt
0:00:01]} Rg1 { [%emt 0:00:00] Schoenai001 gibt auf} 1-0

[Event "DSJ Weihnachtsturnier U20 2020"]
[Site "https://play.chessbase.com/en/play?room=DSJWeihnachtU20"]
[Date "2020.12.29"]
[Round "5"]
[White "Richter, Nils"]
[Black "Suvorov, Luca"]
[Result "0-1"]
[Termination "normal"]
[Board "1.2"]
[WhiteTitle "FM"]
[BlackTitle "FM"]
[WhiteElo "2294"]
[BlackElo "2279"]
[WhiteTeam "TSV Schönaich"]
[BlackTeam "Schachgemeinschaft Porz"]
[PlyCount "90"]
[WhiteFideId "12990809"]
[BlackFideId "12977071"]
[EventRounds "7"]
[EventType "team-swiss"]
[EventDate "2020.12.29"]

1. e4 {[%emt 0:00:03]} e5 {[%emt 0:00:06]} 2. Nf3 {[%emt 0:00:02]} Nc6 { [%emt
0:00:06]} 3. Bb5 {[%emt 0:00:00]} a6 {[%emt 0:00:02]} 4. Ba4 {[%emt 0:00:02]}
Nf6 {[%emt 0:00:02]} 5. O-O {[%emt 0:00:03]} Be7 {[%emt 0:00:02]} 6. Re1 {
[%emt 0:00:04]} b5 {[%emt 0:00:02]} 7. Bb3 {[%emt 0:00:01]} d6 {[%emt 0:00:00]}
8. c3 {[%emt 0:00:01]} O-O {[%emt 0:00:02]} 9. h3 {[%emt 0:00:01]} Na5 { [%emt
0:00:02]} 10. Bc2 {[%emt 0:00:01]} c5 {[%emt 0:00:01]} 11. d4 {[%emt 0:00:01]}
Qc7 {[%emt 0:00:01]} 12. Nbd2 {[%emt 0:00:02]} Nc6 {[%emt 0:00:01]} 13. d5
{[%emt 0:00:07]} Nd8 {[%emt 0:00:12]} 14. a4 {[%emt 0:00:03]} Rb8 {[%emt
0:00:03]} 15. b4 {[%emt 0:00:02]} Nb7 {[%emt 0:00:11]} 16. Nf1 {[%emt 0:00:16]}
Bd7 {[%emt 0:00:03]} 17. Ng3 {[%emt 0:00:16]} Rfc8 {[%emt 0:00:31]} 18. Ra2 {
[%emt 0:00:18]} cxb4 {[%emt 0:00:57]} 19. cxb4 {[%emt 0:00:03]} a5 {[%emt
0:02:35]} 20. bxa5 {[%emt 0:00:57]} b4 {[%emt 0:00:06]} 21. a6 {[%emt 0:02:06]}
Nc5 {[%emt 0:00:19]} 22. Bb3 {[%emt 0:00:04]} Nxa6 {[%emt 0:00:30]} 23. Be3 {
[%emt 0:00:11]} Nc5 {[%emt 0:00:20]} 24. Bxc5 {[%emt 0:00:14]} Qxc5 {[%emt
0:00:28]} 25. Rc2 {[%emt 0:00:21]} Qa7 {[%emt 0:00:04]} 26. Ree2 {[%emt
0:00:08]} Bd8 {[%emt 0:00:15]} 27. Rxc8 {[%emt 0:00:12]} Rxc8 {[%emt 0:00:03]}
28. Rc2 { [%emt 0:00:01]} Bb6 {[%emt 0:00:43]} 29. Rxc8+ {[%emt 0:00:14]} Bxc8
{[%emt 0:00:00]} 30. Qc2 {[%emt 0:00:01]} Bd7 {[%emt 0:00:02]} 31. Nf5 {[%emt
0:00:26]} Bxf5 {[%emt 0:00:12]} 32. exf5 {[%emt 0:00:00]} h6 {[%emt 0:00:07]}
33. g4 { [%emt 0:00:17]} e4 {[%emt 0:00:16]} 34. g5 {[%emt 0:01:37]} exf3
{[%emt 0:01:24]} 35. Qc8+ {[%emt 0:00:29]} Kh7 {[%emt 0:00:08]} 36. g6+ {[%emt
0:00:01]} fxg6 {[%emt 0:00:02]} 37. fxg6+ {[%emt 0:00:00]} Kxg6 {[%emt
0:00:01]} 38. Bc2+ {[%emt 0:00:00]} Kf7 {[%emt 0:00:20]} 39. Qe6+ {[%emt
0:00:01]} Kf8 {[%emt 0:00:01]} 40. Qxd6+ {[%emt 0:00:04]} Qe7 {[%emt 0:00:47]}
41. Qxb6 {[%emt 0:00:08]} Qe1+ {[%emt 0:00:03]} 42. Kh2 {[%emt 0:00:01]} Qe5+
{[%emt 0:00:00]} 43. Kg1 {[%emt 0:00:05]} Qg5+ {[%emt 0:00:02]} 44. Kf1 {[%emt
0:00:06]} Qc1+ { [%emt 0:00:02]} 45. Bd1 {[%emt 0:00:02]} Qxd1# {[%emt
0:00:00]} 0-1

[Event "DSJ Weihnachtsturnier U20 2020"]
[Site "https://play.chessbase.com/en/play?room=DSJWeihnachtU20"]
[Date "2020.12.29"]
[Round "5"]
[White "Gallasch, Jonas"]
[Black "Brunner, Jan"]
[Result "1/2-1/2"]
[Termination "normal"]
[Board "1.3"]
[WhiteElo "2112"]
[BlackElo "2167"]
[WhiteTeam "Schachgemeinschaft Porz"]
[BlackTeam "TSV Schönaich"]
[PlyCount "69"]
[WhiteFideId "16222474"]
[BlackFideId "12981010"]
[EventRounds "7"]
[EventType "team-swiss"]
[EventDate "2020.12.29"]

1. d4 {[%emt 0:00:03]} Nf6 {[%emt 0:00:03]} 2. c4 {[%emt 0:00:02]} e6 {[%emt
0:00:03]} 3. Nf3 {[%emt 0:00:02]} b6 {[%emt 0:00:03]} 4. g3 {[%emt 0:00:08]}
Ba6 {[%emt 0:00:05]} 5. Qc2 {[%emt 0:00:02]} Bb4+ {[%emt 0:00:06]} 6. Bd2
{[%emt 0:00:08]} Be7 {[%emt 0:00:01]} 7. e4 {[%emt 0:00:02]} Bb7 {[%emt
0:00:16]} 8. Nc3 {[%emt 0:00:05]} d6 {[%emt 0:00:02]} 9. Bg2 {[%emt 0:00:04]}
O-O {[%emt 0:00:06]} 10. O-O {[%emt 0:00:02]} Nbd7 {[%emt 0:00:08]} 11. Ne1
{[%emt 0:00:33]} e5 {[%emt 0:00:08]} 12. d5 {[%emt 0:00:02]} Ne8 {[%emt
0:00:24]} 13. Nd3 {[%emt 0:00:15]} a5 {[%emt 0:00:05]} 14. f4 {[%emt 0:00:08]}
exf4 {[%emt 0:00:03]} 15. gxf4 {[%emt 0:00:05]} Nc5 {[%emt 0:00:10]} 16. Nxc5
{[%emt 0:00:20]} bxc5 { [%emt 0:00:02]} 17. e5 {[%emt 0:00:01]} Qc8 {[%emt
0:00:34]} 18. Rae1 {[%emt 0:00:20]} Ra6 {[%emt 0:00:33]} 19. Rf3 {[%emt
0:02:22]} c6 {[%emt 0:00:25]} 20. Bh3 {[%emt 0:02:27]} Qd8 {[%emt 0:00:12]} 21.
Bf5 {[%emt 0:00:40]} g6 {[%emt 0:00:14]} 22. Be4 {[%emt 0:00:01]} f5 {[%emt
0:00:31]} 23. Bd3 {[%emt 0:00:21]} Nc7 {[%emt 0:00:39]} 24. Rfe3 {[%emt
0:00:34]} Bh4 {[%emt 0:00:12]} 25. R1e2 { [%emt 0:00:02]} Rb6 {[%emt 0:00:32]}
26. Rg2 {[%emt 0:00:23]} cxd5 {[%emt 0:00:25]} 27. cxd5 {[%emt 0:00:03]} Ba6
{[%emt 0:01:16]} 28. Bxf5 {[%emt 0:00:18]} dxe5 {[%emt 0:00:18]} 29. Bxg6
{[%emt 0:01:01]} hxg6 {[%emt 0:01:06]} 30. Rxg6+ {[%emt 0:00:02]} Rxg6+ {[%emt
0:00:02]} 31. Qxg6+ {[%emt 0:00:00]} Kh8 { [%emt 0:00:01]} 32. Qh6+ {[%emt
0:00:04]} Kg8 {[%emt 0:00:01]} 33. Qg6+ { [%emt 0:00:00]} Kh8 {[%emt 0:00:01]}
34. Qh6+ {[%emt 0:00:00]} Kg8 {[%emt 0:00:01]} 35. Qg6+ {[%emt 0:00:00]}
1/2-1/2

[Event "DSJ Weihnachtsturnier U20 2020"]
[Site "https://play.chessbase.com/en/play?room=DSJWeihnachtU20"]
[Date "2020.12.29"]
[Round "5"]
[White "Kilinc, Can"]
[Black "Fieberg, Samuel"]
[Result "0-1"]
[Termination "normal"]
[Board "1.4"]
[BlackTitle "FM"]
[WhiteElo "1932"]
[BlackElo "2180"]
[WhiteTeam "TSV Schönaich"]
[BlackTeam "Schachgemeinschaft Porz"]
[PlyCount "70"]
[WhiteFideId "16215117"]
[BlackFideId "12901717"]
[EventRounds "7"]
[EventType "team-swiss"]
[EventDate "2020.12.29"]

1. e4 {[%emt 0:00:18]} c5 {[%emt 0:00:02]} 2. Nf3 {[%emt 0:00:05]} Nc6 { [%emt
0:00:02]} 3. d4 {[%emt 0:00:18]} cxd4 {[%emt 0:00:00]} 4. Nxd4 {[%emt 0:00:01]}
Nf6 {[%emt 0:00:02]} 5. Nc3 {[%emt 0:00:02]} e5 {[%emt 0:00:03]} 6. Ndb5 {[%emt
0:00:03]} h6 {[%emt 0:00:01]} 7. Nd6+ {[%emt 0:00:10]} Bxd6 { [%emt 0:00:02]}
8. Qxd6 {[%emt 0:00:02]} Qe7 {[%emt 0:00:01]} 9. Qd1 {[%emt 0:00:05]} d6 {[%emt
0:00:13]} 10. Bc4 {[%emt 0:00:19]} O-O {[%emt 0:00:11]} 11. O-O {[%emt
0:00:01]} a6 {[%emt 0:00:09]} 12. a4 {[%emt 0:00:11]} Be6 {[%emt 0:00:20]} 13.
Nd5 {[%emt 0:00:26]} Bxd5 {[%emt 0:00:02]} 14. Bxd5 {[%emt 0:00:01] } Nb4
{[%emt 0:00:26] Schoenai004 reconnected.} 15. c4 {[%emt 0:01:10]} Nbxd5 { [%emt
0:00:10]} 16. exd5 {[%emt 0:00:00]} Qc7 {[%emt 0:00:07]} 17. b3 {[%emt
0:00:09]} b5 {[%emt 0:00:26]} 18. Qe2 {[%emt 0:00:51]} bxc4 {[%emt 0:00:14]}
19. bxc4 {[%emt 0:00:34]} Nd7 {[%emt 0:01:29]} 20. Ba3 {[%emt 0:00:28]} Nc5 {
[%emt 0:00:12]} 21. Rab1 {[%emt 0:00:27]} Nxa4 {[%emt 0:00:31]} 22. Qc2 { [%emt
0:00:27]} Nc5 {[%emt 0:00:10]} 23. f4 {[%emt 0:00:29]} exf4 {[%emt 0:00:23]}
24. Rxf4 {[%emt 0:00:09]} Rab8 {[%emt 0:00:06]} 25. Rff1 {[%emt 0:00:07]} Qa5
{[%emt 0:00:33]} 26. Ra1 {[%emt 0:00:31]} Qb6 {[%emt 0:00:02]} 27. Rab1 { [%emt
0:00:16]} Qa7 {[%emt 0:00:20]} 28. Kh1 {[%emt 0:00:05]} Rxb1 {[%emt 0:00:05]}
29. Rxb1 {[%emt 0:00:02]} Re8 {[%emt 0:00:27]} 30. h3 {[%emt 0:01:03]} Ne4
{[%emt 0:00:09]} 31. Rf1 {[%emt 0:00:25]} Qe3 {[%emt 0:00:10]} 32. Rf3 { [%emt
0:00:17]} Qe1+ {[%emt 0:00:27]} 33. Kh2 {[%emt 0:00:01]} Nd2 {[%emt 0:00:19]}
34. Rd3 {[%emt 0:00:16]} Nf1+ {[%emt 0:00:10]} 35. Kh1 {[%emt 0:00:28]} Ne3+
{[%emt 0:00:05]} 0-1

[Event "DSJ Weihnachtsturnier U20 2020"]
[Site "https://play.chessbase.com/en/play?room=DSJWeihnachtU20"]
[Date "2020.12.29"]
[Round "5"]
[White "Krastev, Alexander"]
[Black "Reuker, Jari"]
[Result "1-0"]
[Termination "normal"]
[Board "2.1"]
[WhiteTitle "FM"]
[WhiteElo "2367"]
[BlackElo "2423"]
[WhiteTeam "Schachgesellschaft Solingen"]
[BlackTeam "SV Werder Bremen"]
[PlyCount "77"]
[WhiteFideId "12989983"]
[BlackFideId "12909300"]
[EventRounds "7"]
[EventType "team-swiss"]
[EventDate "2020.12.29"]

1. e4 {[%emt 0:00:04]} e5 {[%emt 0:00:04]} 2. Bc4 {[%emt 0:00:01]} Nf6 { [%emt
0:00:04]} 3. Nc3 {[%emt 0:00:01]} Nc6 {[%emt 0:00:03]} 4. d3 {[%emt 0:00:01]}
Na5 {[%emt 0:00:03]} 5. Nge2 {[%emt 0:00:01]} Bb4 {[%emt 0:00:19]} 6. O-O
{[%emt 0:00:05]} O-O {[%emt 0:00:13]} 7. a3 {[%emt 0:00:16]} Bxc3 {[%emt
0:00:05]} 8. Nxc3 {[%emt 0:00:00]} Nxc4 {[%emt 0:00:02]} 9. dxc4 {[%emt
0:00:00]} d6 {[%emt 0:00:11]} 10. Bg5 {[%emt 0:00:07]} h6 {[%emt 0:00:02]} 11.
Bh4 {[%emt 0:00:01]} Be6 {[%emt 0:00:15]} 12. b3 {[%emt 0:00:09]} g5 {[%emt
0:00:07]} 13. Bg3 {[%emt 0:00:02]} Kg7 {[%emt 0:00:04]} 14. Qd2 {[%emt
0:01:03]} Nh5 { [%emt 0:00:29]} 15. Rad1 {[%emt 0:00:10]} a6 {[%emt 0:01:19]}
16. f3 {[%emt 0:00:17]} Nxg3 {[%emt 0:00:19]} 17. hxg3 {[%emt 0:00:02]} Qe8
{[%emt 0:00:01]} 18. a4 {[%emt 0:00:17]} f5 {[%emt 0:00:46]} 19. exf5 {[%emt
0:00:06]} Rxf5 { [%emt 0:00:06]} 20. g4 {[%emt 0:00:33]} Rf8 {[%emt 0:00:32]}
21. c5 {[%emt 0:00:50]} Rd8 {[%emt 0:00:37]} 22. cxd6 {[%emt 0:00:01]} cxd6
{[%emt 0:00:01]} 23. Nd5 {[%emt 0:00:30]} Qc6 {[%emt 0:00:26]} 24. c4 {[%emt
0:00:13]} b5 { [%emt 0:00:04]} 25. cxb5 {[%emt 0:00:29]} axb5 {[%emt 0:00:01]}
26. a5 { [%emt 0:00:00]} Rf7 {[%emt 0:00:17]} 27. b4 {[%emt 0:00:08]} Qc4
{[%emt 0:00:35]} 28. Nb6 {[%emt 0:00:09]} Qc7 {[%emt 0:00:35]} 29. Rc1 {[%emt
0:00:25]} Qa7 {[%emt 0:00:13]} 30. Rc6 {[%emt 0:00:16]} Bc4 {[%emt 0:00:51]}
31. Rf2 { [%emt 0:00:04]} d5 {[%emt 0:00:51]} 32. Qc2 {[%emt 0:02:59]} Rf6
{[%emt 0:00:10]} 33. Rxf6 {[%emt 0:00:02]} Kxf6 {[%emt 0:00:00]} 34. Qf5+
{[%emt 0:00:01]} Kg7 {[%emt 0:00:21]} 35. Qxe5+ {[%emt 0:00:08]} Kf7 {[%emt
0:00:11]} 36. f4 { [%emt 0:00:06]} gxf4 {[%emt 0:00:24]} 37. Rxf4+ {[%emt
0:00:02]} Kg8 {[%emt 0:00:03]} 38. Qe6+ {[%emt 0:00:07]} Kg7 {[%emt 0:00:03]}
39. Qf6+ {[%emt 0:00:04] Werder1-001 gibt auf} 1-0

[Event "DSJ Weihnachtsturnier U20 2020"]
[Site "https://play.chessbase.com/en/play?room=DSJWeihnachtU20"]
[Date "2020.12.29"]
[Round "5"]
[White "Wachinger, Nikolas"]
[Black "Bashylina, Luisa"]
[Result "1/2-1/2"]
[Termination "normal"]
[Board "2.2"]
[BlackTitle "WCM"]
[WhiteElo "2369"]
[BlackElo "1978"]
[WhiteTeam "SV Werder Bremen"]
[BlackTeam "Schachgesellschaft Solingen"]
[PlyCount "82"]
[WhiteFideId "12962791"]
[BlackFideId "12983292"]
[EventRounds "7"]
[EventType "team-swiss"]
[EventDate "2020.12.29"]

1. e4 {[%emt 0:00:07]} c5 {[%emt 0:00:02]} 2. Be2 {[%emt 0:00:06]} e6 {[%emt
0:00:05]} 3. f4 {[%emt 0:00:04]} d5 {[%emt 0:00:10]} 4. d3 {[%emt 0:00:01]} Nc6
{ [%emt 0:00:05]} 5. Nf3 {[%emt 0:00:02]} dxe4 {[%emt 0:00:11]} 6. dxe4 {[%emt
0:00:01]} Qxd1+ {[%emt 0:00:01]} 7. Bxd1 {[%emt 0:00:00]} Nf6 {[%emt 0:00:03]}
8. Nbd2 {[%emt 0:00:18]} Be7 {[%emt 0:00:27]} 9. c3 {[%emt 0:00:06]} O-O {[%emt
0:00:06]} 10. Bc2 {[%emt 0:00:19]} b6 {[%emt 0:00:28]} 11. h3 {[%emt 0:01:33]}
Bb7 {[%emt 0:00:11]} 12. Kf2 {[%emt 0:00:11]} Rfd8 {[%emt 0:00:40]} 13. g4 {
[%emt 0:00:08]} b5 {[%emt 0:00:41]} 14. Nf1 {[%emt 0:00:11]} c4 {[%emt 0:00:20]
} 15. Be3 {[%emt 0:00:10]} Nd7 {[%emt 0:00:03]} 16. Ng3 {[%emt 0:00:16]} Bc5 {
[%emt 0:00:06]} 17. Rhd1 {[%emt 0:00:07]} a5 {[%emt 0:00:10]} 18. Rd2 {[%emt
0:00:08]} Bxe3+ {[%emt 0:00:04]} 19. Kxe3 {[%emt 0:00:00]} Nc5 {[%emt 0:00:03]}
20. Rad1 {[%emt 0:00:10]} Rxd2 {[%emt 0:00:06]} 21. Rxd2 {[%emt 0:00:00]} Rd8 {
[%emt 0:00:11]} 22. Nd4 {[%emt 0:00:37]} b4 {[%emt 0:00:19]} 23. Nxc6 {[%emt
0:00:21]} Rxd2 {[%emt 0:00:04]} 24. Kxd2 {[%emt 0:00:04]} Bxc6 {[%emt 0:00:02]}
25. Ke3 {[%emt 0:00:01]} b3 {[%emt 0:01:13]} 26. axb3 {[%emt 0:00:56]} cxb3 {
[%emt 0:00:00]} 27. Bd1 {[%emt 0:00:05]} Na4 {[%emt 0:00:11]} 28. Bxb3 { [%emt
0:00:05]} Nxb2 {[%emt 0:00:01]} 29. Kd2 {[%emt 0:00:02]} a4 {[%emt 0:00:04]}
30. Kc2 {[%emt 0:00:47]} a3 {[%emt 0:00:10]} 31. Kb1 {[%emt 0:00:28]} Nd3
{[%emt 0:00:39]} 32. f5 {[%emt 0:00:01]} exf5 {[%emt 0:00:04]} 33. exf5 { [%emt
0:00:16]} Nf2 {[%emt 0:00:08]} 34. Ka2 {[%emt 0:00:47]} Nxh3 {[%emt 0:00:05]}
35. Bd1 {[%emt 0:00:05]} g6 {[%emt 0:00:10]} 36. Kxa3 {[%emt 0:00:06]} Nf2
{[%emt 0:00:04]} 37. Be2 {[%emt 0:00:02]} Kg7 {[%emt 0:00:26]} 38. Kb4 { [%emt
0:00:07]} Kf6 {[%emt 0:00:05]} 39. Kc5 {[%emt 0:00:05]} Bg2 {[%emt 0:00:10]}
40. Kd6 {[%emt 0:00:31]} Bh3 {[%emt 0:00:20]} 41. c4 {[%emt 0:00:09]} Bxg4
{[%emt 0:00:17] Soling1-002 bietet Remis} 1/2-1/2

[Event "DSJ Weihnachtsturnier U20 2020"]
[Site "https://play.chessbase.com/en/play?room=DSJWeihnachtU20"]
[Date "2020.12.29"]
[Round "5"]
[White "Müdder, Melanie"]
[Black "Colbow, Collin"]
[Result "1/2-1/2"]
[Termination "normal"]
[Board "2.3"]
[BlackTitle "FM"]
[WhiteElo "1950"]
[BlackElo "2339"]
[WhiteTeam "Schachgesellschaft Solingen"]
[BlackTeam "SV Werder Bremen"]
[PlyCount "73"]
[WhiteFideId "12994103"]
[BlackFideId "16201132"]
[EventRounds "7"]
[EventType "team-swiss"]
[EventDate "2020.12.29"]

1. e4 {[%emt 0:00:13]} c5 {[%emt 0:00:01]} 2. Nf3 {[%emt 0:00:18]} d6 {[%emt
0:00:01]} 3. d4 {[%emt 0:00:02]} cxd4 {[%emt 0:00:00]} 4. Nxd4 {[%emt 0:00:01]}
Nf6 {[%emt 0:00:01]} 5. Nc3 {[%emt 0:00:02]} Nc6 {[%emt 0:00:01]} 6. f3 { [%emt
0:00:33]} e5 {[%emt 0:00:02]} 7. Nb3 {[%emt 0:00:06]} Be7 {[%emt 0:00:01] } 8.
Be3 {[%emt 0:00:09]} O-O {[%emt 0:00:01]} 9. Qd2 {[%emt 0:00:08]} a5 { [%emt
0:00:01]} 10. Bb5 {[%emt 0:00:15]} Be6 {[%emt 0:00:10]} 11. O-O-O { [%emt
0:00:12]} Na7 {[%emt 0:00:12]} 12. Bxa7 {[%emt 0:00:18]} Rxa7 {[%emt 0:00:00]}
13. a4 {[%emt 0:00:02]} Nd7 {[%emt 0:00:51]} 14. Kb1 {[%emt 0:00:20]} Nb6
{[%emt 0:00:34]} 15. Qf2 {[%emt 0:00:25]} Qc7 {[%emt 0:01:11]} 16. g4 { [%emt
0:00:29]} Raa8 {[%emt 0:00:11]} 17. h4 {[%emt 0:00:48]} Rfd8 {[%emt 0:00:04]}
18. f4 {[%emt 0:00:30]} exf4 {[%emt 0:00:36]} 19. Qxf4 {[%emt 0:00:08]} Bf6
{[%emt 0:00:52]} 20. Nd5 {[%emt 0:00:13]} Nxd5 {[%emt 0:00:10]} 21. exd5 {
[%emt 0:00:08]} Be5 {[%emt 0:00:02]} 22. Qe4 {[%emt 0:00:16]} Bc8 {[%emt
0:01:33]} 23. Bd3 {[%emt 0:00:12]} g6 {[%emt 0:00:01]} 24. h5 {[%emt 0:00:08]}
Qe7 { [%emt 0:00:31]} 25. Rdf1 {[%emt 0:00:40]} Bd7 {[%emt 0:00:22]} 26. hxg6 {
[%emt 0:00:23]} fxg6 {[%emt 0:00:00]} 27. Nd4 {[%emt 0:00:06]} Rf8 {[%emt
0:00:15]} 28. Ne6 {[%emt 0:00:37]} Bxe6 {[%emt 0:00:35]} 29. dxe6 {[%emt
0:00:05]} Rac8 {[%emt 0:00:03]} 30. Bc4 {[%emt 0:00:37]} Kg7 {[%emt 0:00:18]}
31. Bb3 { [%emt 0:00:42]} Rf6 {[%emt 0:00:51]} 32. g5 {[%emt 0:00:06]} Rxf1+
{[%emt 0:00:40]} 33. Rxf1 {[%emt 0:00:03]} Rf8 {[%emt 0:00:00]} 34. Rf7+ {[%emt
0:00:16]} Rxf7 {[%emt 0:00:02]} 35. exf7 {[%emt 0:00:02]} h5 {[%emt 0:00:46]}
36. gxh6+ { [%emt 0:00:13]} Kxh6 {[%emt 0:00:00]} 37. Qf3 {[%emt 0:00:39]
Soling1-003 offers a draw} 1/2-1/2

[Event "DSJ Weihnachtsturnier U20 2020"]
[Site "https://play.chessbase.com/en/play?room=DSJWeihnachtU20"]
[Date "2020.12.29"]
[Round "5"]
[White "Helms, Finn"]
[Black "Sereda, Yaroslava"]
[Result "0-1"]
[Termination "normal"]
[Board "2.4"]
[WhiteElo "1934"]
[BlackElo "1750"]
[WhiteTeam "SV Werder Bremen"]
[BlackTeam "Schachgesellschaft Solingen"]
[PlyCount "64"]
[WhiteFideId "16249143"]
[BlackFideId "14178940"]
[EventRounds "7"]
[EventType "team-swiss"]
[EventDate "2020.12.29"]

1. e4 {[%emt 0:00:07]} c5 {[%emt 0:00:15]} 2. Nf3 {[%emt 0:00:03]} Nc6 { [%emt
0:00:09]} 3. d4 {[%emt 0:00:08]} cxd4 {[%emt 0:00:06]} 4. Nxd4 {[%emt 0:00:00]}
g6 {[%emt 0:00:02]} 5. c4 {[%emt 0:00:02]} Bg7 {[%emt 0:00:03]} 6. Be3 {[%emt
0:00:02]} Nf6 {[%emt 0:00:01]} 7. Nc3 {[%emt 0:00:04]} Ng4 {[%emt 0:00:01]} 8.
Qxg4 {[%emt 0:00:06]} Nxd4 {[%emt 0:00:02]} 9. Qd1 {[%emt 0:00:02]} Ne6 {[%emt
0:00:07]} 10. f3 {[%emt 0:00:05]} Bxc3+ {[%emt 0:00:50]} 11. bxc3 { [%emt
0:00:04]} O-O {[%emt 0:00:02]} 12. Be2 {[%emt 0:00:03]} b6 {[%emt 0:00:04]} 13.
O-O {[%emt 0:00:01]} Ba6 {[%emt 0:00:05]} 14. f4 {[%emt 0:00:07]} Rc8 {[%emt
0:00:09]} 15. Qa4 {[%emt 0:00:03]} Nc7 {[%emt 0:01:10]} 16. Rfd1 { [%emt
0:00:27]} d6 {[%emt 0:00:55]} 17. Rd2 {[%emt 0:00:57]} Qe8 {[%emt 0:00:08]} 18.
Qa3 {[%emt 0:00:20]} Qc6 {[%emt 0:00:14]} 19. Rd4 {[%emt 0:00:42]} b5 {[%emt
0:00:16]} 20. f5 {[%emt 0:00:33]} bxc4 {[%emt 0:00:11]} 21. Bh6 { [%emt
0:00:10]} Rfd8 {[%emt 0:00:06]} 22. fxg6 {[%emt 0:00:05]} hxg6 {[%emt 0:00:15]}
23. Rf1 {[%emt 0:01:09]} Nb5 {[%emt 0:00:21]} 24. Qc1 {[%emt 0:00:29]} Nxd4
{[%emt 0:00:08]} 25. cxd4 {[%emt 0:00:05]} Qxe4 {[%emt 0:00:05]} 26. Qg5 {
[%emt 0:00:15]} Qxe2 {[%emt 0:00:19]} 27. Qf4 {[%emt 0:00:03]} Qe6 {[%emt
0:00:12]} 28. Qh4 {[%emt 0:00:08]} c3 {[%emt 0:00:14]} 29. Bc1 {[%emt 0:00:13]}
Bxf1 {[%emt 0:00:06]} 30. Kxf1 {[%emt 0:00:02]} Qf5+ {[%emt 0:00:05]} 31. Qf4 {
[%emt 0:00:04]} Qxf4+ {[%emt 0:00:02]} 32. Bxf4 {[%emt 0:00:00]} c2 {[%emt
0:00:01]} 0-1